Lịch sử nghệ thuật chèo

Sách trình bày mục đích, đối tượng, phạm vi và phương pháp nghiên cứu, các yếu tố cấu thành chèo, quá trình hình thành và phát triển của chèo

Đã lưu trong:
书目详细资料
主要作者: Hà, Văn Cầu
格式: 图书
语言:Undetermined
出版: Hà Nội Thanh niên 2011
主题:
标签: 添加标签
没有标签, 成为第一个标记此记录!
Thư viện lưu trữ: Trung tâm Học liệu Trường Đại học Cần Thơ
LEADER 00755nam a2200193Ia 4500
001 CTU_167750
008 210402s9999 xx 000 0 und d
082 |a 792.09597 
082 |b C125 
100 |a Hà, Văn Cầu 
245 0 |a Lịch sử nghệ thuật chèo 
245 0 |c Hà Văn Cầu 
260 |a Hà Nội 
260 |b Thanh niên 
260 |c 2011 
520 |a Sách trình bày mục đích, đối tượng, phạm vi và phương pháp nghiên cứu, các yếu tố cấu thành chèo, quá trình hình thành và phát triển của chèo 
650 |a Vietnamese drama,Kịch Việt Nam 
904 |i Trọng Hải 
980 |a Trung tâm Học liệu Trường Đại học Cần Thơ